| 000 | nam a22 4500 | ||
|---|---|---|---|
| 999 |
_c8971 _d8971 |
||
| 008 | 180322b ||||| |||| 00| 0 eng d | ||
| 100 |
_927029 _aVillegas, Bernardo M. |
||
| 245 |
_aAddressing environmental sustainability for business/ _cBernardo M. Villegas |
||
| 260 |
_aPhilippines _bManila Bulletin _cc2016 |
||
| 300 | _apage B-2. | ||
| 650 | 0 |
_927030 _aEnvironmental protection. |
|
| 942 |
_2ddc _cPER |
||